000 00465nam a2200193Ia 4500
999 _c6569
_d6569
003 0100
005 20170504105343.0
008 130227s9999 xx 000 0 und d
040 _cARRUPELIB
050 _aDT1058.S36L483 2004
100 _aLewis-Williams J.D.
_930490
245 _aSan Spirituality
245 _bRoots, Expression, and Social Consequences
260 _bAltamira Press
_aNew York
_c2004
300 _axxvii
300 _b 267p. :23cm.
650 _aSan(African people)
_xReligion
_xCosmology
_930491
650 _aSan(African people)
_xPsychology
_930492
942 _2lcc
_cMONOGRAPH